Paesi nominati nella pagina Wikipedia della Croazia - Statistics

Statistiche generali
  • Questo quiz è stato fatto 28 volte
  • Il punteggio medio è 18 su 22
Statistiche sulle risposte
Volte in cui viene nominato Indizio (basato sul motivo per cui lo stato viene nominato nella pagina Wikipedia) Paese % Corretto
8 Paese confinante Bosnia ed Erzegovina
100%
6 Paese di cui fecero parte alcune attuali regioni croate (Istria, Fiume) tra la prima e la seconda guerra mondiale Italia
100%
3 Paese confinante Serbia
100%
7 Paese confinante Slovenia
100%
2 La Croazia arrivò terza ai mondiali di calcio del 1998 tenutisi in questo paese Francia
96%
2 Paese che nel 1991 anticipò il riconoscimento internazionale dell'indipendenza della Croazia Germania
96%
3 Paese confinante Montenegro
96%
1 Paese d'origine della minoranza istrorumena residente in Istria Romania
96%
10 Paese confinante Ungheria
96%
1 Alla UEFA Nations League del 2022-23 la Croazia è arrivata seconda, sconfitta in finale ai rigori da questa nazionale Spagna
93%
2 Paese che ospita la maggiore comunità di emigrati croati Stati Uniti
93%
1 Ai mondiali 2022 la Croazia è stata sconfitta in semifinale da questa nazionale Argentina
89%
5 Paese che nel 1991 anticipò il riconoscimento internazionale dell'indipendenza della Croazia Austria
89%
1 Paese in cui la Croazia ha schierato truppe in missione di pace Kosovo
85%
1 La nazionale croata di pallamano ha vinto i mondiali del 2003 in questo paese Portogallo
81%
1 Ai mondiali 2022 la Croazia ha vinto la finale per il terzo posto contro questa nazionale Marocco
70%
1 Nella finalina, la nazionale croata batté questo paese Paesi Bassi
70%
2 Attuale paese dove ebbe origine la tribù slava dei Croati Ucraina
70%
2 Attuale paese dove ebbe origine la tribù slava dei Croati Polonia
63%
1 Paese in cui la Croazia ha schierato truppe in missione di pace Afghanistan
48%
1 Paese che nel 1991 anticipò il riconoscimento internazionale dell'indipendenza della Croazia Città del Vaticano
33%
1 Paese che nel 1991 anticipò il riconoscimento internazionale dell'indipendenza della Croazia Islanda
22%
Nessun quiz corrispondente trovato
Distribuzione punteggi
Percentuale di utenti per punteggio
Percentile per numero di risposta
I tuoi punteggi nel tempo
Non hai fatto questo quiz